Selected writings
Compilación de obras del escritor estadounidense Edgar Allan Poe, incluye poemas, cuentos y bocetos, documentos que iluminan la prolífica, pero corta carrera de Poe, por parte de la narrativa de Arthur Gordon Pym. Entre ellos, reseñas, prefacios y correspondencia, así como piezas temáticas que trata...
Gardado en:
| Autor Principal: | |
|---|---|
| Formato: | Libro |
| Idioma: | Undetermined |
| Publicado: |
Middlesex, Inglaterra
Penguin Books
1978
|
| Materias: | |
| Etiquetas: |
Engadir etiqueta
Sen Etiquetas, Sexa o primeiro en etiquetar este rexistro!
|
MARC
| LEADER | 00000nam a2200000Ia 4500 | ||
|---|---|---|---|
| 008 | 170316s9999 xx 000 0 und d | ||
| 040 | |a cru BVZT | ||
| 090 | |a 810 P-15se | ||
| 100 | |a Poe, Edgar Allan |9 706 | ||
| 245 | |a Selected writings |c / Edgar Allan Poe | ||
| 260 | |a Middlesex, Inglaterra | ||
| 260 | |b Penguin Books | ||
| 260 | |c 1978 | ||
| 300 | |a 541 páginas | ||
| 520 | |a Compilación de obras del escritor estadounidense Edgar Allan Poe, incluye poemas, cuentos y bocetos, documentos que iluminan la prolífica, pero corta carrera de Poe, por parte de la narrativa de Arthur Gordon Pym. Entre ellos, reseñas, prefacios y correspondencia, así como piezas temáticas que tratan sobre el trascendentalismo y el romanticismo alternativo, las ciencias de la mente, la ficción de sensaciones, y el Sur y la esclavitud. Además, contiene catorce ensayos críticos cuidadosamente seleccionados que abordan la poesía, la ficción, la política y la psicología de Poe. | ||
| 650 | |a LITERATURA ESTADOUNIDENSE |9 25 | ||
| 650 | |a EN IDIOMA INGLÉS |9 129 | ||
| 650 | |a POEMAS |9 404 | ||
| 650 | |a CUENTOS |9 271 | ||
| 650 | |a BOCETOS |9 707 | ||
| 650 | |a ENSAYOS |9 146 | ||
| 999 | |c 6040 |d 6040 | ||
| 942 | |c 15 D |h 810 P-15se |2 z | ||
